|
|
|
|
| LEADER |
00815nam a2200277 a 4500 |
| 001 |
000379427 |
| 003 |
CZ BrMZK |
| 005 |
20130311120748.0 |
| 007 |
ta |
| 008 |
980115s1998 xr f cze d |
| 015 |
|
|
|a cnb000606201
|
| 020 |
|
|
|a 80-901817-6-7
|
| 035 |
|
|
|a (OCoLC)41217823
|
| 040 |
|
|
|a BOA001
|b cze
|
| 080 |
|
|
|a 820(73)-31=850
|2 MRF
|
| 100 |
1 |
|
|a Segal, Erich,
|d 1937-2010
|7 jn19990007411
|
| 245 |
1 |
0 |
|a Doktoři :
|b román /
|c Erich Segal ; [z angličtiny přeložil Luboš Trávníček]
|
| 250 |
|
|
|a Vyd. 3. (v nakl. Lucka 1.).
|
| 260 |
|
|
|a Velké Přílepy :
|b Lucka,
|c 1998
|
| 300 |
|
|
|a 539 s. ;
|c 24 cm
|
| 655 |
|
7 |
|a americké romány
|7 fd131796
|2 czenas
|
| 700 |
1 |
|
|a Trávníček, Luboš,
|d 1943-
|7 jk01140044
|4 trl
|
| 765 |
0 |
|
|t Doctors
|
| 910 |
|
|
|a BOA001
|b 2-1054.500
|
| 990 |
|
|
|a BK
|
| 991 |
|
|
|f B-SEG
|